Die teuersten Fußballtransfers - Geboren 1995 - Statistiken

Allgemein
  • Dieses Quiz wurde 39 mal gespielt
  • Das Durchschnittsergebnis liegt bei 7 aus 10
Antwortstatistiken
Ablöse (M €) Saison Nationalität Abgebender Verein Aufnehmender Verein Spieler % Korrekt
117,50 2021-2022 England Aston Villa Manchester City Jack Grealish
100%
45,30 2020-2021 Niederlande Bournemouth Manchester City Nathan Aké
88%
60,00 2018-2019 Guinea RB Leipzig FC Liverpool Naby Keïta
85%
80,00 2019-2020 Elfenbeinküste LOSC Lille FC Arsenal Nicolas Pépé
85%
72,00 2018-2019 Frankreich AS Monaco Atlético Madrid Thomas Lemar
82%
60,00 2015-2016 Frankreich AS Monaco Manchester United Anthony Martial
76%
48,00 2019-2020 Frankreich Olympique Lyon Real Madrid Ferland Mendy
67%
45,00 2019-2020 Mexiko PSV Eindhoven SSC Neapel Hirving Lozano
67%
49,00 2022-2023 England Leeds United Manchester City Kalvin Phillips
61%
60,00 2023-2024 Brasilien / Portugal FC Porto Al-Nassr Otávio
36%
Keine übereinstimmenden Quizze gefunden
Verteilung der Resultate
Anzahl Personen mit jedem Resultat
Perzentil nach korrekt beantworteten Fragen
Ihre Resultats-Entwicklung
Sie haben dieses Quiz noch nicht gespielt